000 00666nam a2200253Ia 4500
003 OSt
005 20221005050551.0
006 a|||||r|||| 00| 0
007 ta
008 221004b |||||||| |||| 00| 0 urd d
020 _c5
024 _a31147
037 _cTextual
040 _aCRL
_cCRL
_burd
041 _2urd
_aurd
082 _aO168,3N23,MK, J5
100 _aHussain Intezar Au.
_9177827
245 0 _aMehman khana
260 _aLahore
_bLahore academy Pakistan
_c1955
300 _a344p.
_ccm.
650 _aURDU FICTION
_93298
942 _hO168,3N23,MK, J5
_cTEXL
_2cc
999 _c957300
_d957300